Ευριπίδου Φοίνισσαι : αρχαίον κείμενον
Αποθηκεύτηκε σε:
| Κύριος συγγραφέας: | |
|---|---|
| Άλλοι συγγραφείς: | |
| Μορφή: | Βιβλίο |
| Γλώσσα: | Greek Ancient Greek |
| Δημοσίευση: |
Εν Αθήναις :
Πάπυρος,
1960.
|
| Σειρά: | Βιβλιοθήκη "Παπύρου". Τα άπαντα των αρχαίων Ελλήνων συγγραφέων ;
280 |
| Θέματα: | |
| Ετικέτες: |
Προσθήκη ετικέτας
Δεν υπάρχουν, Καταχωρήστε ετικέτα πρώτοι!
|
MARC
| LEADER | 00000cam a2200000 i 4500 | ||
|---|---|---|---|
| 001 | 1/19736 | ||
| 008 | 120518s1960 gr | ||| |||| ||gre|| | ||
| 035 | |l 10112540 | ||
| 040 | |a GR-MyUa |b gre |e AACR2 | ||
| 041 | 1 | |a gre |a grc |h grc | |
| 082 | 7 | |a 882.13 |2 (22) | |
| 100 | 0 | |a Ευριπίδης, |d 480-406. | |
| 245 | 1 | 0 | |a Ευριπίδου Φοίνισσαι : |b αρχαίον κείμενον / |c εισαγωγή-μετάφρασις-σημειώσεις Αθαν. Χ. Παπαχαρίση. |
| 260 | |a Εν Αθήναις : |b Πάπυρος, |c 1960. | ||
| 300 | |a 125 σ. ; |c 22 εκ. | ||
| 490 | 1 | |a (Βιβλιοθήκη Παπύρου. Τα άπαντα των αρχαίων Ελλήνων συγγραφέων ; |v 280) | |
| 650 | 0 | |a Greek drama (Tragedy) | |
| 700 | 1 | |a Παπαχαρίσης, Αθανάσιος Χ. |e aui |e trl | |
| 830 | 0 | |a Βιβλιοθήκη "Παπύρου". |p Τα άπαντα των αρχαίων Ελλήνων συγγραφέων ; |v 280 | |
| 852 | |a INST |b SYROS |e 20120518 |h 882.13 ΕΥΡ |p 005500010147 |q 005500010147 |t BK |y 0 | ||
| 901 | |a BIBL5-2012-1 | ||
| 970 | |a Κοντού |b Παρασκευή |z 18/05/2012 | ||